Statistics for Cities with the Highest Population Density

Click here to take the quiz!

General Stats

  • This quiz has been taken 58 times
  • The average score is 10 of 14

Answer Stats

Hint Density Answer % Correct
Philippines107,561Manila
98%
Bangladesh59,595Dhaka
95%
France55,673Paris
95%
Egypt50,180Cairo
95%
Malaysia38,482Subang Jaya
93%
India73,837Mumbai
91%
Nepal61,972Kathmandu
91%
India62,813Kolkata
85%
Eritrea51,570Asmara
53%
Bangladesh43,148Chittagong
51%
Philippines45,999Quezon City
45%
China54,790Macau
33%
Indonesia48,054Bandung
31%
India53,670Howrah
4%

Score Distribution

Percentile by Number Answered

Percent of People with Each Score

Your Score History

You have not taken this quiz